000 01030nam a2200313 a 4500
001 vtls001619617
003 NLI
005 20220823072531.0
008 121214s1968 ii 000 1 asm
020 _cRs. 4.00
040 _aNLI
_basmeng
_cDatasoft_Assamese
_eAACR2
041 0 _aasm
044 _a ii
082 0 4 _a 891.493
100 0 _6880-01
_aচৈয়দ আব্দুল মালিক
245 1 0 _6880-02
_aপ্রাণাধিকা /
_cচৈয়দ আব্দুল মালিক
260 _aগুৱাহাটি :
_bনিউ বুক ষ্টল,
_c1968
300 _a149 p. ;
_c21 cm.
650 0 _aAssamese fiction
_9678390
880 _6100-01(B
_aCaiyyad Ābdul Mālik
880 1 0 _6245-02(B
_aPrāṇādhikā /
_cCaiyyad Ābdul Mālik
887 _a Dipankar Mal (Soumya)
887 _aEdited by TinkletinB
901 _a1809
_b06.08.1969
902 _aA 891.493 A 231 pr
904 _cDipankar Mal (Soumya)
_l8472
942 _2ddc
_cBKS
949 _6DBA000001809ASM
999 _c1069755
_d1069755